| 000 | 00569nam a22001817a 4500 | ||
|---|---|---|---|
| 999 |
_c178046 _d178046 |
||
| 005 | 20210312163634.0 | ||
| 010 | _aENG-129302 | ||
| 020 |
_a9788194403708 _c290.00 |
||
| 035 | _aEN-112834 | ||
| 037 | _bDBAD/PUB | ||
| 082 | _a616.8918 | ||
| 100 | _aMohammad Gulzar | ||
| 245 |
_aEvery Ill Does Not Need a Poll/ _cMohammad Gulzar |
||
| 260 |
_aDelhi NCR _bOrangebook Publications _c2019 |
||
| 270 |
_bDelhi NCR _e110054 _avishwavidyalaya Marg civil lines, |
||
| 300 |
_a152p. _c20cm(bbk) _bincluding illustrations |
||
| 942 |
_2ddc _cEN _h616.8918 _mMOH |
||